书目信息 |
| 题名: |
认知破局
|
|
| 作者: | 刘颖 著 | |
| 分册: | ||
| 出版信息: | 南京 江苏凤凰文艺出版社 2024.06 |
|
| 页数: | 216页 | |
| 开本: | 21cm | |
| 丛书名: | ||
| 单 册: | ||
| 中图分类: | B848.4-49 | |
| 科图分类: | ||
| 主题词: | 成功心理--通俗读物 | |
| 电子资源: | ||
| ISBN: | 978-7-5594-8291-4 | |
| 000 | 00773nam0 2200229 450 | |
| 001 | 012991815 | |
| 005 | 20251022155949.26 | |
| 010 | @a978-7-5594-8291-4@dCNY42.00 | |
| 100 | @a20240626d2024 em y0chiy0120 ea | |
| 101 | 0 | @achi |
| 102 | @aCN@b320000 | |
| 105 | @ay z 000yy | |
| 106 | @ar | |
| 200 | 1 | @a认知破局@9ren zhi po ju@e打破认知局限 驱动终身成长@f刘颖著 |
| 210 | @a南京@c江苏凤凰文艺出版社@d2024.06 | |
| 215 | @a216页@d21cm | |
| 330 | @a本书是一本全面解读认知,并且指导读者通过提升认知进而改变人生的书,包括了解人的思维定式、看透事物本质、重建自己的认知模式、唤醒和提升认知能力等。 | |
| 606 | 0 | @a成功心理@j通俗读物 |
| 690 | @aB848.4-49@v5 | |
| 701 | 0 | @a刘颖@9liu ying@4著 |
| 801 | 0 | @aCN@c20250909 |
| 905 | @a河南城建学院图书馆@dB848.4-49@eL712@ZL712@f1 | |
| 认知破局:打破认知局限 驱动终身成长/刘颖著.-南京:江苏凤凰文艺出版社,2024.06 |
| 216页;21cm |
| ISBN 978-7-5594-8291-4:CNY42.00 |
| 本书是一本全面解读认知,并且指导读者通过提升认知进而改变人生的书,包括了解人的思维定式、看透事物本质、重建自己的认知模式、唤醒和提升认知能力等。 |
| ● |
| 相关链接 |
|
|
|
正题名:认知破局
索取号:B848.4-49/L712
 
预约/预借
| 序号 | 登录号 | 条形码 | 馆藏地/架位号 | 状态 | 备注 |
| 1 | 1632321 | 216323217 | 社科库509/509社科库 52排1列3层/ [索取号:B848.4-49/L712] | 在馆 |